Minerals of California, (Record no. 29147)

MARC details
000 -LEADER
fixed length control field 00889cam a22002771 4500
001 - CONTROL NUMBER
control field gs 57000157
003 - CONTROL NUMBER IDENTIFIER
control field DLC
005 - DATE AND TIME OF LATEST TRANSACTION
control field 20260227111405.0
008 - FIXED-LENGTH DATA ELEMENTS--GENERAL INFORMATION
fixed length control field 770817s1956 caua s000 0 eng c
010 ## - LIBRARY OF CONGRESS CONTROL NUMBER
LC control number gs 57000157
035 ## - SYSTEM CONTROL NUMBER
System control number (OCoLC)3195324
040 ## - CATALOGING SOURCE
Original cataloging agency U. S. Geol. Survey. Library
Transcribing agency TxEU
Modifying agency DLC
043 ## - GEOGRAPHIC AREA CODE
Geographic area code n-us-ca
050 00 - LIBRARY OF CONGRESS CALL NUMBER
Classification number TN24.C2
Item number A3 no. 173
051 ## - LIBRARY OF CONGRESS COPY, ISSUE, OFFPRINT STATEMENT
Classification number QE375
Item number .M8
082 ## - DEWEY DECIMAL CLASSIFICATION NUMBER
Classification number 549
100 1# - MAIN ENTRY--PERSONAL NAME
Personal name Murdoch, Joseph,
Dates associated with a name 1890-
245 10 - TITLE STATEMENT
Title Minerals of California,
Statement of responsibility, etc. by Joseph Murdoch and Robert W. Webb.
260 ## - PUBLICATION, DISTRIBUTION, ETC.
Place of publication, distribution, etc. San Francisco,
Date of publication, distribution, etc. 1956.
300 ## - PHYSICAL DESCRIPTION
Extent 452 p.
Other physical details col. plates, map, tables,
Dimensions 24 cm.
410 10 - SERIES STATEMENT/ADDED ENTRY--CORPORATE NAME [OBSOLETE, CAN/MARC], [LOCAL, USA]
Corporate name or jurisdiction name as entry element California.
Subordinate unit Division of Mines and Geology.
Title of a work Bulletin
Volume number/sequential designation 173
504 ## - BIBLIOGRAPHY, ETC. NOTE
Bibliography, etc. note Bibliography: p. 362-452.
650 #0 - SUBJECT ADDED ENTRY--TOPICAL TERM
Topical term or geographic name entry element Mineralogy
Geographic subdivision California.
650 #0 - SUBJECT ADDED ENTRY--TOPICAL TERM
Topical term or geographic name entry element Mines and mineral resources
Geographic subdivision California.
700 1# - ADDED ENTRY--PERSONAL NAME
Personal name Webb, Robert Wallace,
Dates associated with a name 1909-
Relator term joint author.

No items available.

Powered by Koha